00792pam a2200169 a 4500020001500000040000800015082002600023245014100049260017000190300002900360650002300389650001700412700002200429710006600451710005500517710005000572 a0933595182 cDLC00a634 WIN 1988 A052 Or.00aMultipurpose tree species for small-farm use :bproceedings of an international workshop held November 2-5, 1987, in Pattaya, Thailand / aArlington, Va. :bWinrock International Institute for Agricultural Development, USA ;aOttawa, Canada :bInternational Development Research Centre of Canada,cc1988. a282 p. :bill. ;c24 cm. 0aMultipurpose trees 0aFarms, Small1 aWithington, Dale.2 aWinrock International Institute for Agricultural Development.2 aInternational Development Research Centre (Canada)2 aFAO Regional Office for Asia and the Pacific.